<?xml version="1.0" encoding="UTF-8"?>
<record
    xmlns:xsi="http://www.w3.org/2001/XMLSchema-instance"
    xsi:schemaLocation="http://www.loc.gov/MARC21/slim http://www.loc.gov/standards/marcxml/schema/MARC21slim.xsd"
    xmlns="http://www.loc.gov/MARC21/slim">

  <leader>02293nam0a22003731  4500</leader>
  <controlfield tag="001">rc\1081574</controlfield>
  <controlfield tag="005">20260405060738.0</controlfield>
  <datafield tag="035" ind1=" " ind2=" ">
    <subfield code="a">(NLR Aleph) 006329844</subfield>
  </datafield>
  <datafield tag="090" ind1=" " ind2=" ">
    <subfield code="a">7533554</subfield>
    <subfield code="c">7533554</subfield>
  </datafield>
  <datafield tag="100" ind1=" " ind2=" ">
    <subfield code="a">20041126d1983    |||y0rusy50      ca</subfield>
  </datafield>
  <datafield tag="101" ind1="0" ind2=" ">
    <subfield code="a">rus</subfield>
  </datafield>
  <datafield tag="102" ind1=" " ind2=" ">
    <subfield code="a">RU</subfield>
  </datafield>
  <datafield tag="105" ind1=" " ind2=" ">
    <subfield code="a">y   |||||||||</subfield>
  </datafield>
  <datafield tag="200" ind1="1" ind2=" ">
    <subfield code="a">&#x41F;&#x440;&#x43E;&#x449;&#x430;&#x439;, &#x431;&#x440;&#x430;&#x442;</subfield>
    <subfield code="e">&#x420;&#x430;&#x441;&#x441;&#x43A;&#x430;&#x437;&#x44B;</subfield>
    <subfield code="e">[&#x41F;&#x435;&#x440;. &#x441; &#x430;&#x43D;&#x433;&#x43B;.]</subfield>
    <subfield code="f">&#x414;&#x436;. &#x427;&#x438;&#x432;&#x435;&#x440;</subfield>
    <subfield code="g">[&#x41F;&#x43E;&#x441;&#x43B;&#x435;&#x441;&#x43B;. &#x41F;.&#x412;. &#x411;&#x430;&#x43B;&#x434;&#x438;&#x446;&#x44B;&#x43D;&#x430;]</subfield>
  </datafield>
  <datafield tag="210" ind1=" " ind2=" ">
    <subfield code="a">&#x41B;.</subfield>
    <subfield code="c">&#x41B;&#x435;&#x43D;&#x438;&#x437;&#x434;&#x430;&#x442;</subfield>
    <subfield code="d">1983</subfield>
  </datafield>
  <datafield tag="215" ind1=" " ind2=" ">
    <subfield code="a">368 &#x441;.</subfield>
    <subfield code="d">20</subfield>
  </datafield>
  <datafield tag="225" ind1="1" ind2=" ">
    <subfield code="a">&#x411;&#x438;&#x431;&#x43B;&#x438;&#x43E;&#x442;&#x435;&#x43A;&#x430; &#x43C;&#x43E;&#x43B;&#x43E;&#x434;&#x43E;&#x433;&#x43E; &#x440;&#x430;&#x431;&#x43E;&#x447;&#x435;&#x433;&#x43E;</subfield>
  </datafield>
  <datafield tag="327" ind1="0" ind2=" ">
    <subfield code="a">&#x421;&#x43E;&#x434;&#x435;&#x440;&#x436;.: &#x41F;&#x440;&#x43E;&#x449;&#x430;&#x439;, &#x431;&#x440;&#x430;&#x442;; &#x42F; &#x435;&#x434;&#x443; &#x432; &#x410;&#x437;&#x438;&#x44E;; &#x41F;&#x440;&#x435;&#x43B;&#x435;&#x441;&#x442;&#x438; &#x43E;&#x434;&#x438;&#x43D;&#x43E;&#x447;&#x435;&#x441;&#x442;&#x432;&#x430;; &#x41F;&#x440;&#x43E;&#x438;&#x441;&#x448;&#x435;&#x441;&#x442;&#x432;&#x438;&#x435; &#x43D;&#x430; &#x421;&#x430;&#x442;&#x442;&#x43E;&#x43D;-&#x41F;&#x43B;&#x435;&#x439;&#x441;; &#x427;&#x443;&#x434;&#x43E;&#x432;&#x438;&#x449;&#x43D;&#x43E;&#x435; &#x440;&#x430;&#x434;&#x438;&#x43E;; &#x418;&#x441;&#x43A;&#x443;&#x448;&#x435;&#x43D;&#x438;&#x435; &#x42D;&#x43C;&#x43C;&#x44B; &#x411;&#x43E;&#x439;&#x43D;&#x442;&#x43E;&#x43D;; &#x41E;, &#x41C;&#x43E;&#x43B;&#x43E;&#x434;&#x43E;&#x441;&#x442;&#x44C; &#x438; &#x41A;&#x440;&#x430;&#x441;&#x43E;&#x442;&#x430;!; &#x41D;&#x430;&#x446;&#x438;&#x43E;&#x43D;&#x430;&#x43B;&#x44C;&#x43D;&#x43E;&#x435; &#x440;&#x430;&#x437;&#x432;&#x43B;&#x435;&#x447;&#x435;&#x43D;&#x438;&#x435;; &#x41F;&#x44F;&#x442;&#x44C; &#x441;&#x43E;&#x440;&#x43E;&#x43A; &#x432;&#x43E;&#x441;&#x435;&#x43C;&#x44C;; &#x414;&#x435;&#x43D;&#x44C;, &#x43A;&#x43E;&#x433;&#x434;&#x430; &#x441;&#x432;&#x438;&#x43D;&#x44C;&#x44F; &#x443;&#x43F;&#x430;&#x43B;&#x430; &#x432; &#x43A;&#x43E;&#x43B;&#x43E;&#x434;&#x435;&#x446;, &#x438; &#x434;&#x440;. &#x440;&#x430;&#x441;&#x441;&#x43A;&#x430;&#x437;&#x44B;</subfield>
  </datafield>
  <datafield tag="464" ind1=" " ind2="0">
    <subfield code="1">2001#$a&#x41F;&#x440;&#x43E;&#x449;&#x430;&#x439;, &#x431;&#x440;&#x430;&#x442;</subfield>
    <subfield code="t">&#x41F;&#x440;&#x43E;&#x449;&#x430;&#x439;, &#x431;&#x440;&#x430;&#x442;</subfield>
  </datafield>
  <datafield tag="464" ind1=" " ind2="0">
    <subfield code="1">2001#$a&#x42F; &#x435;&#x434;&#x443; &#x432; &#x410;&#x437;&#x438;&#x44E;</subfield>
    <subfield code="t">&#x42F; &#x435;&#x434;&#x443; &#x432; &#x410;&#x437;&#x438;&#x44E;</subfield>
  </datafield>
  <datafield tag="464" ind1=" " ind2="0">
    <subfield code="1">2001#$a&#x41F;&#x440;&#x435;&#x43B;&#x435;&#x441;&#x442;&#x438; &#x43E;&#x434;&#x438;&#x43D;&#x43E;&#x447;&#x435;&#x441;&#x442;&#x432;&#x430;</subfield>
    <subfield code="t">&#x41F;&#x440;&#x435;&#x43B;&#x435;&#x441;&#x442;&#x438; &#x43E;&#x434;&#x438;&#x43D;&#x43E;&#x447;&#x435;&#x441;&#x442;&#x432;&#x430;</subfield>
  </datafield>
  <datafield tag="464" ind1=" " ind2="0">
    <subfield code="1">2001#$a&#x41F;&#x440;&#x43E;&#x438;&#x441;&#x448;&#x435;&#x441;&#x442;&#x432;&#x438;&#x435; &#x43D;&#x430; &#x421;&#x430;&#x442;&#x442;&#x43E;&#x43D;-&#x41F;&#x43B;&#x435;&#x439;&#x441;</subfield>
    <subfield code="t">&#x41F;&#x440;&#x43E;&#x438;&#x441;&#x448;&#x435;&#x441;&#x442;&#x432;&#x438;&#x435; &#x43D;&#x430; &#x421;&#x430;&#x442;&#x442;&#x43E;&#x43D;-&#x41F;&#x43B;&#x435;&#x439;&#x441;</subfield>
  </datafield>
  <datafield tag="464" ind1=" " ind2="0">
    <subfield code="1">2001#$a&#x427;&#x443;&#x434;&#x43E;&#x432;&#x438;&#x449;&#x43D;&#x43E;&#x435; &#x440;&#x430;&#x434;&#x438;&#x43E;</subfield>
    <subfield code="t">&#x427;&#x443;&#x434;&#x43E;&#x432;&#x438;&#x449;&#x43D;&#x43E;&#x435; &#x440;&#x430;&#x434;&#x438;&#x43E;</subfield>
  </datafield>
  <datafield tag="464" ind1=" " ind2="0">
    <subfield code="1">2001#$a&#x418;&#x441;&#x43A;&#x443;&#x448;&#x435;&#x43D;&#x438;&#x435; &#x42D;&#x43C;&#x43C;&#x44B; &#x411;&#x43E;&#x439;&#x43D;&#x442;&#x43E;&#x43D;</subfield>
    <subfield code="t">&#x418;&#x441;&#x43A;&#x443;&#x448;&#x435;&#x43D;&#x438;&#x435; &#x42D;&#x43C;&#x43C;&#x44B; &#x411;&#x43E;&#x439;&#x43D;&#x442;&#x43E;&#x43D;</subfield>
  </datafield>
  <datafield tag="464" ind1=" " ind2="0">
    <subfield code="1">2001#$a&#x41E;, &#x41C;&#x43E;&#x43B;&#x43E;&#x434;&#x43E;&#x441;&#x442;&#x44C; &#x438; &#x41A;&#x440;&#x430;&#x441;&#x43E;&#x442;&#x430;!</subfield>
    <subfield code="t">&#x41E;, &#x41C;&#x43E;&#x43B;&#x43E;&#x434;&#x43E;&#x441;&#x442;&#x44C; &#x438; &#x41A;&#x440;&#x430;&#x441;&#x43E;&#x442;&#x430;!</subfield>
  </datafield>
  <datafield tag="464" ind1=" " ind2="0">
    <subfield code="1">2001#$a&#x41D;&#x430;&#x446;&#x438;&#x43E;&#x43D;&#x430;&#x43B;&#x44C;&#x43D;&#x43E;&#x435; &#x440;&#x430;&#x437;&#x432;&#x43B;&#x435;&#x447;&#x435;&#x43D;&#x438;&#x435;</subfield>
    <subfield code="t">&#x41D;&#x430;&#x446;&#x438;&#x43E;&#x43D;&#x430;&#x43B;&#x44C;&#x43D;&#x43E;&#x435; &#x440;&#x430;&#x437;&#x432;&#x43B;&#x435;&#x447;&#x435;&#x43D;&#x438;&#x435;</subfield>
  </datafield>
  <datafield tag="464" ind1=" " ind2="0">
    <subfield code="1">2001#$a&#x41F;&#x44F;&#x442;&#x44C; &#x441;&#x43E;&#x440;&#x43E;&#x43A; &#x432;&#x43E;&#x441;&#x435;&#x43C;&#x44C;</subfield>
    <subfield code="t">&#x41F;&#x44F;&#x442;&#x44C; &#x441;&#x43E;&#x440;&#x43E;&#x43A; &#x432;&#x43E;&#x441;&#x435;&#x43C;&#x44C;</subfield>
  </datafield>
  <datafield tag="464" ind1=" " ind2="0">
    <subfield code="1">2001#$a&#x414;&#x435;&#x43D;&#x44C;, &#x43A;&#x43E;&#x433;&#x434;&#x430; &#x441;&#x432;&#x438;&#x43D;&#x44C;&#x44F; &#x443;&#x43F;&#x430;&#x43B;&#x430; &#x432; &#x43A;&#x43E;&#x43B;&#x43E;&#x434;&#x435;&#x446;</subfield>
    <subfield code="t">&#x414;&#x435;&#x43D;&#x44C;, &#x43A;&#x43E;&#x433;&#x434;&#x430; &#x441;&#x432;&#x438;&#x43D;&#x44C;&#x44F; &#x443;&#x43F;&#x430;&#x43B;&#x430; &#x432; &#x43A;&#x43E;&#x43B;&#x43E;&#x434;&#x435;&#x446;</subfield>
  </datafield>
  <datafield tag="700" ind1=" " ind2="1">
    <subfield code="8">rus</subfield>
    <subfield code="7">ca</subfield>
    <subfield code="a">&#x427;&#x438;&#x432;&#x435;&#x440;</subfield>
    <subfield code="b">&#x414;.</subfield>
    <subfield code="f">1912-1982</subfield>
    <subfield code="g">&#x414;&#x436;&#x43E;&#x43D;</subfield>
    <subfield code="3">RU\NLR\auth\7719966</subfield>
    <subfield code="9">3035</subfield>
  </datafield>
  <datafield tag="801" ind1=" " ind2="0">
    <subfield code="a">RU</subfield>
    <subfield code="b">NLR</subfield>
    <subfield code="g">psbo</subfield>
  </datafield>
  <datafield tag="801" ind1=" " ind2="1">
    <subfield code="a">RU</subfield>
    <subfield code="b">ELAR</subfield>
    <subfield code="2">rusmarc</subfield>
  </datafield>
  <datafield tag="852" ind1=" " ind2=" ">
    <subfield code="a">NLR</subfield>
    <subfield code="j">83-3/12043</subfield>
  </datafield>
  <datafield tag="942" ind1=" " ind2=" ">
    <subfield code="c">BOOK</subfield>
  </datafield>
  <datafield tag="980" ind1=" " ind2=" ">
    <subfield code="a">NB</subfield>
  </datafield>
  <datafield tag="995" ind1=" " ind2=" ">
    <subfield code="5">2013-10-26</subfield>
    <subfield code="b">NLR01</subfield>
    <subfield code="c">NLR01</subfield>
    <subfield code="e">RF9</subfield>
    <subfield code="f">6329844-10</subfield>
    <subfield code="k">83-3/12043</subfield>
    <subfield code="o">0</subfield>
    <subfield code="r">BOOK</subfield>
    <subfield code="s">83312043_</subfield>
  </datafield>
</record>
